| 000 | 00402nam a22001697a 4500 | ||
|---|---|---|---|
| 005 | 20170825171756.0 | ||
| 008 | 160701b xxu||||| |||| 00| 0 eng d | ||
| 020 | _a81-7684-025-4 | ||
| 041 | _aeng | ||
| 082 | _b20726 | ||
| 100 |
_aprasad kd _93419 |
||
| 245 | _aAntenna & Wave Propagation | ||
| 260 |
_bSatya prakash _c2012-13 |
||
| 300 | _a1282 | ||
| 650 |
_aDiploma Engineering _9817 |
||
| 942 | _cBK | ||
| 999 |
_c5117 _d5115 |
||